[Event "37. Copenhagen Open (Politiken Cup)"]
[Site "Elsinore"]
[Date "2015.07.30"]
[Round "7"]
[White "Christophersen, David"]
[Black "Fransson, Pia"]
[Result "1/2-1/2"]
[WhiteElo "1854"]
[BlackElo "1511"]
[PlyCount "115"]
[EventDate "2015.07.25"]
[EventType "swiss"]
[EventRounds "10"]
[EventCountry "DEN"]
[Source "ChessBase"]
[SourceDate "2015.09.14"]

1. d4 Nf6 2. Bf4 g6 3. Nf3 Bg7 4. e3 O-O 5. Be2 d6 6. Nbd2 b6 7. h3 Bb7 8. O-O
Nbd7 9. c3 c5 10. Re1 Nd5 11. Bh2 e5 12. Ne4 Nxe3 13. Qd3 Nf5 14. g4 d5 15.
Nxc5 bxc5 16. gxf5 e4 17. Qb5 exf3 18. Bxf3 Nb6 19. dxc5 Qd7 20. Qxd7 Nxd7 21.
Re7 Bc6 22. Bxd5 Bxd5 23. Rxd7 Rfd8 24. Rxd8+ Rxd8 25. fxg6 hxg6 26. Rd1 Bf6
27. Bd6 Bxa2 28. Ra1 Be6 29. Rxa7 Bxh3 30. Ra3 Bf5 31. b4 Re8 32. b5 Re1+ 33.
Kg2 Rc1 34. c6 Bxc3 35. c7 Kg7 36. Rxc3 Rxc3 37. Be5+ Kf8 38. Bxc3 Ke8 39. b6
Bc8 40. Kg3 Kd7 41. Kf4 Kd6 42. Kg5 Ke6 43. f4 Bb7 44. Kh6 Bc8 45. Kg7 Ke7 46.
Bb4+ Ke8 47. Kf6 Bb7 48. Ke5 Kd7 49. Bc3 Ke7 50. Kd4 Kd6 51. Bb4+ Kc6 52. Bc5
Ba6 53. Be7 Kxb6 54. Bd8 Kc6 55. Ke5 Bc8 56. Kf6 Be6 57. Ke7 Kd5 58. Kf6
1/2-1/2

[Event "37. Copenhagen Open (Politiken Cup)"]
[Site "Elsinore"]
[Date "2015.07.30"]
[Round "7"]
[White "Dalsberg, Sandra de Blecourt"]
[Black "Tandrup, Michael"]
[Result "1/2-1/2"]
[WhiteElo "2157"]
[BlackElo "1960"]
[PlyCount "149"]
[EventDate "2015.07.25"]
[EventType "swiss"]
[EventRounds "10"]
[EventCountry "DEN"]
[Source "ChessBase"]
[SourceDate "2015.09.14"]

1. d4 Nf6 2. c4 c5 3. d5 b5 4. cxb5 a6 5. bxa6 Bxa6 6. Nc3 g6 7. e4 Bxf1 8.
Kxf1 d6 9. g3 Bg7 10. Kg2 O-O 11. Nf3 Nfd7 12. Qe2 Na6 13. Rd1 Qc7 14. Bg5 Ne5
15. Nb5 Qb7 16. Nd2 h6 17. Be3 Rfb8 18. a4 Nc7 19. Nxc7 Qxc7 20. b3 Qc8 21. h3
Rb4 22. f4 Nd7 23. Rab1 Qb7 24. Qd3 Bd4 25. Rbc1 Rb8 26. Re1 Kh7 27. Rc4 Bg7
28. Rec1 h5 29. Rxb4 Qxb4 30. Rc4 Qa5 31. Nb1 Rf8 32. Bd2 Qa6 33. Na3 f5 34.
Nb5 Nb6 35. Rc1 fxe4 36. Qxe4 Qb7 37. Bc3 Qxd5 38. Qxd5 Nxd5 39. Bxg7 Kxg7 40.
Kf3 g5 41. Ke4 Nf6+ 42. Kf5 gxf4 43. Kxf4 Kg6 44. Ra1 Rb8 45. g4 hxg4 46. hxg4
Rb7 47. Rd1 Nd7 48. Rd3 Nb6 49. Na3 c4 50. Nxc4 Nxc4 51. bxc4 Rb4 52. Ke4 Rxa4
53. Kd4 Ra5 54. Rb3 Rg5 55. Rg3 Rc5 56. Re3 Kf6 57. Re4 e5+ 58. Kd3 Ra5 59. Kc3
d5 60. cxd5 Rxd5 61. Kc4 Rd8 62. Re1 Rd4+ 63. Kc3 Rxg4 64. Kd3 Kf5 65. Ra1 Rg3+
66. Ke2 e4 67. Ra8 Rg2+ 68. Ke3 Rg3+ 69. Ke2 Rg6 70. Ke3 Rg3+ 71. Ke2 Kg4 72.
Re8 e3 73. Rg8+ Kf4 74. Rxg3 Kxg3 75. Kxe3 1/2-1/2

[Event "37. Copenhagen Open (Politiken Cup)"]
[Site "Elsinore"]
[Date "2015.07.30"]
[Round "7"]
[White "Delorme, Axel"]
[Black "Grigoriants, Sergey"]
[Result "1/2-1/2"]
[WhiteElo "2484"]
[BlackElo "2594"]
[PlyCount "36"]
[EventDate "2015.07.25"]
[EventType "swiss"]
[EventRounds "10"]
[EventCountry "DEN"]
[Source "ChessBase"]
[SourceDate "2015.09.14"]

1. d4 Nf6 2. c4 g6 3. g3 c6 4. Bg2 d5 5. Nf3 Bg7 6. cxd5 cxd5 7. Ne5 O-O 8. Nc3
e6 9. O-O Nfd7 10. Nf3 Nc6 11. Bf4 Qb6 12. Na4 Qb5 13. b3 Nb6 14. Nc3 Qb4 15.
Bd2 Qe7 16. Bf4 Qb4 17. Bd2 Qe7 18. Bf4 Qb4 1/2-1/2

[Event "37. Copenhagen Open (Politiken Cup)"]
[Site "Elsinore"]
[Date "2015.07.30"]
[Round "7"]
[White "Djurhuus, Eivind X"]
[Black "Jacobsen, Mikkel Manosri"]
[Result "0-1"]
[WhiteElo "2149"]
[BlackElo "2370"]
[PlyCount "80"]
[EventDate "2015.07.25"]
[EventType "swiss"]
[EventRounds "10"]
[EventCountry "DEN"]
[Source "ChessBase"]
[SourceDate "2015.09.14"]

1. e4 c6 2. d4 d5 3. e5 Bf5 4. Nf3 e6 5. Be2 Ne7 6. O-O Nd7 7. Nbd2 Bg6 8. Nb3
Qb6 9. a4 Nf5 10. a5 Qc7 11. Bd2 Be7 12. c4 O-O 13. cxd5 exd5 14. a6 b6 15. Rc1
Rac8 16. Ne1 Rfe8 17. f4 Nh6 18. Bf3 Qd8 19. g4 Be4 20. Bxe4 dxe4 21. Qe2 c5
22. d5 c4 23. Rxc4 Nc5 24. Nxc5 Bxc5+ 25. Kh1 Qxd5 26. Ng2 Nxg4 27. b4 Nf2+ 28.
Rxf2 Bxf2 29. Rxc8 Rxc8 30. Qxf2 Rc2 31. Ne3 Qxd2 32. Qxd2 Rxd2 33. Kg1 Rd4 34.
b5 Rb4 35. Nd5 Rxb5 36. Ne7+ Kf8 37. Nc6 Ra5 38. Nxa7 Rxa6 39. Nb5 e3 40. Kf1
Ra2 0-1

[Event "37. Copenhagen Open (Politiken Cup)"]
[Site "Elsinore"]
[Date "2015.07.30"]
[Round "7"]
[White "Edwardsson, Hannu Kalervo"]
[Black "Haugaard, Thomas"]
[Result "1/2-1/2"]
[WhiteElo "1452"]
[BlackElo "1707"]
[PlyCount "75"]
[EventDate "2015.07.25"]
[EventType "swiss"]
[EventRounds "10"]
[EventCountry "DEN"]
[Source "ChessBase"]
[SourceDate "2015.09.14"]

1. e4 c5 2. c4 Nc6 3. Nf3 d6 4. d3 g6 5. Be2 Bg7 6. O-O Nf6 7. Nc3 e6 8. Bd2
O-O 9. a3 a6 10. Rb1 Nd4 11. Nxd4 cxd4 12. Na2 Bd7 13. Nb4 a5 14. Nc2 Rc8 15.
Nxd4 Nxe4 16. Nxe6 Bxe6 17. dxe4 Bxc4 18. Bxc4 Rxc4 19. f3 Qb6+ 20. Kh1 Rfc8
21. h3 Rc2 22. Bc3 Qb3 23. Bxg7 Kxg7 24. Qd4+ Kg8 25. Qxd6 Qe3 26. Rbe1 Qb3 27.
Rb1 R8c6 28. Qb8+ Rc8 29. Qe5 Qd3 30. Rbd1 Qe2 31. Rg1 Rxb2 32. Rc1 Rxc1 33.
Qb8+ Kg7 34. Qe5+ Kf8 35. Qd6+ Ke8 36. Qe5+ Kd7 37. Qd5+ Ke8 38. Qe5+ 1/2-1/2

[Event "37. Copenhagen Open (Politiken Cup)"]
[Site "Elsinore"]
[Date "2015.07.30"]
[Round "7"]
[White "Ekeberg, Carl Fredrik"]
[Black "De Strycker, Nathan"]
[Result "1-0"]
[WhiteElo "2267"]
[BlackElo "2097"]
[PlyCount "45"]
[EventDate "2015.07.25"]
[EventType "swiss"]
[EventRounds "10"]
[EventCountry "DEN"]
[Source "ChessBase"]
[SourceDate "2015.09.14"]

1. Nf3 d5 2. d4 Nf6 3. c4 dxc4 4. e3 e6 5. Bxc4 c5 6. O-O a6 7. dxc5 Bxc5 8.
Qxd8+ Kxd8 9. Nbd2 b5 10. Be2 Bb7 11. Nb3 Bd6 12. Rd1 Ke7 13. Bd2 Ne4 14. Be1
Nd7 15. Na5 Bd5 16. Nd4 Rac8 17. a4 bxa4 18. Bxa6 Rc7 19. Nb5 Rc2 20. Nxd6 Nxd6
21. Bb4 Nc5 22. Bf1 Rb8 23. Rxd5 1-0

[Event "37. Copenhagen Open (Politiken Cup)"]
[Site "Elsinore"]
[Date "2015.07.30"]
[Round "7"]
[White "Engel, Luis"]
[Black "Jensen, Morten Frank"]
[Result "1-0"]
[WhiteElo "2200"]
[BlackElo "2028"]
[PlyCount "92"]
[EventDate "2015.07.25"]
[EventType "swiss"]
[EventRounds "10"]
[EventCountry "DEN"]
[Source "ChessBase"]
[SourceDate "2015.09.14"]

1. e4 Nc6 2. Nf3 d6 3. d4 Nf6 4. Nc3 g6 5. d5 Nb8 6. Be2 Bg7 7. h3 O-O 8. Be3
c6 9. O-O Nbd7 10. Qd2 Nc5 11. Bxc5 dxc5 12. dxc6 bxc6 13. Qe3 Qa5 14. Ne5 Bd7
15. Rad1 Rfd8 16. Nc4 Qc7 17. Na4 Nh5 18. Nxc5 Nf4 19. Nxd7 Nxe2+ 20. Qxe2 Rxd7
21. Rxd7 Qxd7 22. Rd1 Qe6 23. Qd3 Be5 24. b3 Bc7 25. Qe2 h5 26. a4 Kg7 27. Qe3
f6 28. Rd2 g5 29. e5 Rd8 30. Rxd8 Bxd8 31. exf6+ Qxf6 32. Qxa7 g4 33. hxg4 hxg4
34. Qd7 Qf4 35. Ne3 g3 36. Qg4+ Qxg4 37. Nxg4 Bb6 38. Kf1 gxf2 39. Nxf2 Kf6 40.
Ke2 Kf5 41. Kf3 Ke5 42. Ne4 Kd4 43. g4 Bc7 44. g5 Ke5 45. g6 Ke6 46. Ng5+ Kd5
1-0

[Event "37. Copenhagen Open (Politiken Cup)"]
[Site "Elsinore"]
[Date "2015.07.30"]
[Round "7"]
[White "Engel, Robert"]
[Black "Langvik, Ulrikke"]
[Result "1-0"]
[WhiteElo "1725"]
[BlackElo "1405"]
[PlyCount "101"]
[EventDate "2015.07.25"]
[EventType "swiss"]
[EventRounds "10"]
[EventCountry "DEN"]
[Source "ChessBase"]
[SourceDate "2015.09.14"]

1. d4 e6 2. Nf3 Nf6 3. c4 d5 4. Nc3 Bb4 5. Bg5 Nbd7 6. cxd5 exd5 7. e3 Nb6 8.
Bd3 Bg4 9. O-O Bxc3 10. bxc3 Qd6 11. Bf4 Qd7 12. Qc2 Bxf3 13. Bf5 Qe7 14. gxf3
Nh5 15. Rfe1 g6 16. Bd3 O-O-O 17. Bg3 Rde8 18. a4 Nxg3 19. hxg3 a6 20. a5 Nc4
21. e4 Qd6 22. Bxc4 dxc4 23. Qa4 Qe6 24. Kg2 c6 25. d5 cxd5 26. exd5 Qd7 27.
Qxc4+ Kb8 28. Qf4+ Ka8 29. c4 Rc8 30. Qd4 Qd6 31. Rac1 Qc5 32. Qc3 Rhd8 33.
Red1 Rd7 34. Rd2 Rdc7 35. Rdc2 Qd6 36. Qd4 Rc5 37. Qd2 Qc7 38. d6 Qxa5 39. Qxa5
Rxa5 40. c5 Rd8 41. c6 bxc6 42. Rxc6 Rd7 43. Rc8+ Kb7 44. R8c7+ Rxc7 45. Rxc7+
Kb6 46. Rxf7 Rh5 47. g4 Rh6 48. Rf6 a5 49. Rf4 g5 50. Rd4 a4 51. d7 1-0

[Event "37. Copenhagen Open (Politiken Cup)"]
[Site "Elsinore"]
[Date "2015.07.30"]
[Round "7"]
[White "Fedchuk, Kirill"]
[Black "Schjolin, John"]
[Result "1-0"]
[WhiteElo "1631"]
[BlackElo "1276"]
[PlyCount "39"]
[EventDate "2015.07.25"]
[EventType "swiss"]
[EventRounds "10"]
[EventCountry "DEN"]
[Source "ChessBase"]
[SourceDate "2015.09.14"]

1. c4 d6 2. Nc3 e5 3. Nf3 Nf6 4. g3 Bf5 5. Bg2 c6 6. d4 e4 7. Nh4 g6 8. Bg5 d5
9. cxd5 Bb4 10. Qb3 Bxc3+ 11. bxc3 b5 12. Nxf5 gxf5 13. dxc6 Qd6 14. Qxb5 O-O
15. Qxf5 Qe6 16. Qxf6 Na6 17. Qxe6 fxe6 18. Bxe4 Rab8 19. O-O Rb5 20. Bf4 1-0

[Event "37. Copenhagen Open (Politiken Cup)"]
[Site "Elsinore"]
[Date "2015.07.30"]
[Round "7"]
[White "Formanek, Edward W"]
[Black "Percivaldi, Martin"]
[Result "1/2-1/2"]
[WhiteElo "2121"]
[BlackElo "2310"]
[PlyCount "76"]
[EventDate "2015.07.25"]
[EventType "swiss"]
[EventRounds "10"]
[EventCountry "DEN"]
[Source "ChessBase"]
[SourceDate "2015.09.14"]

1. e4 e5 2. Nf3 Nc6 3. Bb5 Nge7 4. O-O g6 5. d4 exd4 6. Nxd4 Bg7 7. c3 O-O 8.
Bg5 h6 9. Bh4 Nxd4 10. cxd4 d5 11. exd5 Qd6 12. Nc3 Nf5 13. Bg3 Nxg3 14. hxg3
Qb4 15. Qd2 Qxd4 16. Qxd4 Bxd4 17. Rad1 Bf6 18. d6 cxd6 19. Rxd6 Be5 20. Rd5
Bg7 21. Bd7 b6 22. Bxc8 Rfxc8 23. Rd7 Rc5 24. Re1 Bxc3 25. bxc3 a5 26. Ree7 Rf5
27. g4 Rf6 28. f3 Rc8 29. Rc7 Rd8 30. Kf2 Rd1 31. Re1 Rd5 32. c4 Rd4 33. Re8+
Kg7 34. Ke3 Rd1 35. Kf2 Rc1 36. Re1 Rc3 37. Re3 Rc1 38. Re1 Rc3 1/2-1/2

[Event "37. Copenhagen Open (Politiken Cup)"]
[Site "Elsinore"]
[Date "2015.07.30"]
[Round "7"]
[White "Fossan, Aleksander"]
[Black "Stam, Bart"]
[Result "1-0"]
[WhiteElo "1798"]
[BlackElo "1946"]
[PlyCount "69"]
[EventDate "2015.07.25"]
[EventType "swiss"]
[EventRounds "10"]
[EventCountry "DEN"]
[Source "ChessBase"]
[SourceDate "2015.09.14"]

1. e4 c5 2. c3 Nf6 3. e5 Nd5 4. d4 cxd4 5. Nf3 Nc6 6. Bc4 Nb6 7. Bb3 d5 8. exd6
Qxd6 9. O-O Bf5 10. Nxd4 Nxd4 11. cxd4 e6 12. Nc3 a6 13. Qf3 Qd7 14. d5 e5 15.
Be3 Nc8 16. Rfe1 Bd6 17. Ne4 Bxe4 18. Qxe4 f5 19. Qc4 O-O 20. Bc5 f4 21. f3 b5
22. Qc3 Re8 23. Re2 Bxc5+ 24. Qxc5 Nd6 25. Rae1 Rac8 26. Qb6 Nc4 27. Bxc4 Rxc4
28. Rxe5 Rxe5 29. Qb8+ Kf7 30. Qxe5 Ra4 31. a3 g6 32. d6 Rc4 33. h4 Qd8 34.
Qd5+ Kg7 35. Re7+ 1-0

[Event "37. Copenhagen Open (Politiken Cup)"]
[Site "Elsinore"]
[Date "2015.07.30"]
[Round "7"]
[White "Fossan, Andreas"]
[Black "Bernhardsson, Sten"]
[Result "1-0"]
[WhiteElo "1840"]
[BlackElo "2003"]
[PlyCount "45"]
[EventDate "2015.07.25"]
[EventType "swiss"]
[EventRounds "10"]
[EventCountry "DEN"]
[Source "ChessBase"]
[SourceDate "2015.09.14"]

1. d4 Nf6 2. c4 e6 3. Nc3 d5 4. cxd5 exd5 5. Bg5 Be7 6. e3 O-O 7. Bd3 Nbd7 8.
Nge2 c6 9. Qc2 Re8 10. O-O Nf8 11. f3 Nh5 12. Bxe7 Qxe7 13. e4 dxe4 14. fxe4
Be6 15. Rf2 Rad8 16. Raf1 Qg5 17. e5 Re7 18. Ne4 Qe3 19. Kh1 Qh6 20. Nd6 f6 21.
h3 fxe5 22. Rxf8+ Rxf8 23. Bxh7+ 1-0

[Event "37. Copenhagen Open (Politiken Cup)"]
[Site "Elsinore"]
[Date "2015.07.30"]
[Round "7"]
[White "Franzen, Per Erik"]
[Black "Berntsen Oybo, August"]
[Result "0-1"]
[WhiteElo "1988"]
[BlackElo "1777"]
[PlyCount "64"]
[EventDate "2015.07.25"]
[EventType "swiss"]
[EventRounds "10"]
[EventCountry "DEN"]
[Source "ChessBase"]
[SourceDate "2015.09.14"]

1. d4 Nf6 2. Nf3 g6 3. c4 Bg7 4. Nc3 O-O 5. e4 d6 6. Be2 Nbd7 7. O-O e5 8. Qc2
h6 9. Rd1 Nh7 10. Be3 f5 11. exf5 gxf5 12. dxe5 dxe5 13. Bc5 Rf7 14. Ne1 Qg5
15. Be3 f4 16. Bd2 Nc5 17. f3 Bf5 18. Ne4 Qg6 19. Bd3 Nxd3 20. Qxd3 Ng5 21. Qb3
Nxe4 22. fxe4 Bxe4 23. Nf3 Bxf3 24. Qxf3 e4 25. Qh3 Bxb2 26. Rab1 Bd4+ 27. Kh1
c5 28. Rf1 Raf8 29. Rbe1 f3 30. gxf3 Rxf3 31. Rxf3 exf3 32. Bxh6 f2 0-1

[Event "37. Copenhagen Open (Politiken Cup)"]
[Site "Elsinore"]
[Date "2015.07.30"]
[Round "7"]
[White "Frisk, Hans"]
[Black "Andersen, Dag"]
[Result "1/2-1/2"]
[WhiteElo "2013"]
[BlackElo "1840"]
[PlyCount "85"]
[EventDate "2015.07.25"]
[EventType "swiss"]
[EventRounds "10"]
[EventCountry "DEN"]
[Source "ChessBase"]
[SourceDate "2015.09.14"]

1. b3 e5 2. Bb2 Nc6 3. e3 d5 4. Bb5 Bd6 5. f4 Qe7 6. Nf3 f6 7. O-O e4 8. Nd4
Bd7 9. Qh5+ Qf7 10. Qxf7+ Kxf7 11. Nc3 Nge7 12. Nxc6 bxc6 13. Be2 h5 14. Nd1
Rae8 15. c4 Nf5 16. Rc1 Bb4 17. Rc2 dxc4 18. Bxc4+ Kg6 19. a3 Bd6 20. Nf2 h4
21. b4 Re7 22. Ba2 Rb8 23. Bc4 Ree8 24. Bc3 Bf8 25. Re1 Nd6 26. Ba2 Nb5 27. Bb2
Ra8 28. a4 Nd6 29. b5 cxb5 30. Rxc7 Be6 31. Bxe6 Rxe6 32. axb5 Nxb5 33. Rc4 Nd6
34. Ra4 f5 35. Rea1 Nb5 36. Ra5 Rb6 37. Ra6 Rd8 38. Rxb6+ axb6 39. Ra6 Bc5 40.
Bc1 Rc8 41. Bb2 Rd8 42. Bc1 Rc8 43. Bb2 1/2-1/2

[Event "37. Copenhagen Open (Politiken Cup)"]
[Site "Elsinore"]
[Date "2015.07.30"]
[Round "7"]
[White "Gottschalck, Christian"]
[Black "Fjallheim, Leif Reinert"]
[Result "1-0"]
[WhiteElo "1830"]
[BlackElo "1530"]
[PlyCount "103"]
[EventDate "2015.07.25"]
[EventType "swiss"]
[EventRounds "10"]
[EventCountry "DEN"]
[Source "ChessBase"]
[SourceDate "2015.09.14"]

1. e4 e5 2. Nf3 Nc6 3. Bb5 Bc5 4. O-O Nf6 5. Nc3 a6 6. Be2 d6 7. d3 h6 8. h3
Be6 9. Re1 Qd7 10. Kh2 Bxf2 11. Rf1 Bb6 12. Nb1 O-O-O 13. c3 Ne7 14. Qc2 Nh7
15. d4 f6 16. Be3 Ng5 17. Ng1 Nh7 18. Nd2 g5 19. Nc4 Bxc4 20. Bxc4 Ba7 21. Qb3
d5 22. exd5 b5 23. Be2 Nxd5 24. Bg4 Nxe3 25. Bxd7+ Rxd7 26. Rf3 exd4 27. cxd4
Bxd4 28. Rxe3 Bxe3 29. Qxe3 Rhd8 30. Nf3 Rd3 31. Qe6+ R8d7 32. Qxa6+ Kd8 33.
Qxb5 g4 34. Qb8+ Ke7 35. Re1+ Kf7 36. Qe8+ Kg7 37. Re7+ Rxe7 38. Qxe7+ Kh8 39.
hxg4 c5 40. Qxc5 Rb3 41. axb3 h5 42. Qxh5 f5 43. Ng5 Kg7 44. Qxh7+ Kf6 45.
Qxf5+ Ke7 46. Qe6+ Kd8 47. Qf7 Kc8 48. Ne6 Kb8 49. b4 Ka8 50. b5 Kb8 51. b6 Ka8
52. Qa7# 1-0

[Event "37. Copenhagen Open (Politiken Cup)"]
[Site "Elsinore"]
[Date "2015.07.30"]
[Round "7"]
[White "Gough, Rod"]
[Black "Rosell, Sven"]
[Result "1/2-1/2"]
[WhiteElo "1822"]
[BlackElo "1995"]
[PlyCount "79"]
[EventDate "2015.07.25"]
[EventType "swiss"]
[EventRounds "10"]
[EventCountry "DEN"]
[Source "ChessBase"]
[SourceDate "2015.09.14"]

1. d4 g6 2. Nc3 d5 3. Bg5 Bg7 4. Qd2 c6 5. Nf3 Nd7 6. e4 dxe4 7. Nxe4 Ngf6 8.
Nxf6+ Nxf6 9. Bd3 h6 10. Bh4 Qb6 11. c3 Be6 12. Bg3 Bd5 13. O-O Bxf3 14. gxf3
Nh5 15. Rfe1 Nxg3 16. hxg3 Bf6 17. a4 Qc7 18. d5 Kf8 19. dxc6 Qxc6 20. Be4 Qc7
21. Rad1 Kg7 22. Kg2 Rad8 23. Qc2 b6 24. Rxd8 Rxd8 25. Rd1 h5 26. Rxd8 Qxd8 27.
b4 Qd6 28. b5 h4 29. Qd3 Qxd3 30. Bxd3 hxg3 31. fxg3 Bxc3 32. f4 f5 33. Kf3 Kf6
34. Bc4 e5 35. fxe5+ Kxe5 36. Bd3 g5 37. g4 fxg4+ 38. Kxg4 Bd2 39. Bc2 Kd4 40.
Bd1 1/2-1/2

[Event "37. Copenhagen Open (Politiken Cup)"]
[Site "Elsinore"]
[Date "2015.07.30"]
[Round "7"]
[White "Grove, Peter"]
[Black "Schmidt, Kristen"]
[Result "1/2-1/2"]
[WhiteElo "2098"]
[BlackElo "2254"]
[PlyCount "52"]
[EventDate "2015.07.25"]
[EventType "swiss"]
[EventRounds "10"]
[EventCountry "DEN"]
[Source "ChessBase"]
[SourceDate "2015.09.14"]

1. d4 g6 2. e4 d6 3. Nc3 Nf6 4. Be3 c6 5. f3 Nbd7 6. Qd2 b5 7. d5 cxd5 8. Nxd5
a6 9. a4 bxa4 10. Bc4 Bg7 11. Rxa4 O-O 12. Ne2 Nxd5 13. Bxd5 Rb8 14. Rb4 Rxb4
15. Qxb4 Qc7 16. c3 a5 17. Qc4 Nc5 18. Bxc5 dxc5 19. Qa4 Bd7 20. Qa2 Bb5 21.
Bc4 Bxc4 22. Qxc4 Rb8 23. b3 Qb6 24. Kf2 Qb5 25. Qxb5 Rxb5 26. Ra1 Rxb3 1/2-1/2

[Event "37. Copenhagen Open (Politiken Cup)"]
[Site "Elsinore"]
[Date "2015.07.30"]
[Round "7"]
[White "Halvorsen, Benjamin"]
[Black "Ski, Alexander K"]
[Result "1-0"]
[WhiteElo "1728"]
[BlackElo "1445"]
[PlyCount "93"]
[EventDate "2015.07.25"]
[EventType "swiss"]
[EventRounds "10"]
[EventCountry "DEN"]
[Source "ChessBase"]
[SourceDate "2015.09.14"]

1. e4 e5 2. Nf3 Nc6 3. Bc4 Bc5 4. b4 Bxb4 5. c3 Be7 6. d4 exd4 7. cxd4 Bb4+ 8.
Bd2 Bxd2+ 9. Nbxd2 Nge7 10. Qb3 O-O 11. Ng5 d5 12. exd5 Nxd4 13. Qd3 Nef5 14.
Nge4 c6 15. d6 Nb5 16. Bxb5 cxb5 17. O-O Be6 18. Rfd1 Rc8 19. Nb3 Bxb3 20. axb3
Qd7 21. Rxa7 Rfd8 22. h3 Rc6 23. Qxb5 Nxd6 24. Nxd6 Rxd6 25. Qxd7 Rxd1+ 26.
Qxd1 Rxd1+ 27. Kh2 Kf8 28. Rxb7 Rb1 29. Kg3 Rb2 30. b4 h5 31. h4 f6 32. f4 Rb3+
33. Kh2 Re3 34. b5 Re7 35. Rxe7 Kxe7 36. Kg3 Kd6 37. Kf3 f5 38. Ke3 Kc5 39. b6
Kxb6 40. Kd4 Kc6 41. Ke5 g6 42. Kf6 Kd5 43. Kxg6 Ke4 44. Kg5 Ke3 45. Kxf5 Kf2
46. g4 Kg3 47. gxh5 1-0

[Event "37. Copenhagen Open (Politiken Cup)"]
[Site "Elsinore"]
[Date "2015.07.30"]
[Round "7"]
[White "Hammer, Jon Ludvig"]
[Black "Smirin, Ilia"]
[Result "1-0"]
[WhiteElo "2677"]
[BlackElo "2663"]
[PlyCount "83"]
[EventDate "2015.07.25"]
[EventType "swiss"]
[EventRounds "10"]
[EventCountry "DEN"]
[Source "ChessBase"]
[SourceDate "2015.09.14"]

1. Nf3 Nf6 2. c4 g6 3. g3 Bg7 4. Bg2 O-O 5. O-O c6 6. b3 Ne4 7. d4 d5 8. Bb2
Nd7 9. e3 Ndf6 10. Ne5 Be6 11. Qe2 Nd7 12. Nd3 Ndf6 13. Nf4 Bc8 14. f3 Ng5 15.
Nc3 h5 16. h4 Ne6 17. Nd3 Nc7 18. Rad1 a5 19. c5 Nd7 20. Na4 Nb5 21. Ne5 Ra6
22. Nxd7 Bxd7 23. Nb6 Be6 24. Qe1 Nd6 25. Bc3 Qc7 26. e4 dxe4 27. fxe4 Bg4 28.
Rd3 Nb5 29. Bb2 e5 30. dxe5 Bxe5 31. Bxe5 Qxe5 32. Qf2 Qe7 33. Bf3 Bh3 34. Rfd1
Nc7 35. Kh2 Be6 36. Nd7 Bxd7 37. Rxd7 Qe5 38. Be2 Ra7 39. Bc4 Ne6 40. Rf1 Nd8
41. Bxf7+ Kh8 42. Qd2 1-0

[Event "37. Copenhagen Open (Politiken Cup)"]
[Site "Elsinore"]
[Date "2015.07.30"]
[Round "7"]
[White "Hansen, Alex Mehr"]
[Black "Fossan, Benjamin"]
[Result "1/2-1/2"]
[WhiteElo "1965"]
[BlackElo "1697"]
[PlyCount "57"]
[EventDate "2015.07.25"]
[EventType "swiss"]
[EventRounds "10"]
[EventCountry "DEN"]
[Source "ChessBase"]
[SourceDate "2015.09.14"]

1. e4 c5 2. b3 Nc6 3. Bb2 d6 4. f4 Nf6 5. d3 g6 6. Be2 Bg7 7. Nf3 O-O 8. O-O b5
9. a4 b4 10. h3 Nh5 11. Bxg7 Kxg7 12. Qc1 Ng3 13. Rf2 Qb6 14. Qe3 Nxe2+ 15.
Rxe2 Nd4 16. Rf2 a5 17. Nxd4 cxd4 18. Qc1 e5 19. Nd2 Ba6 20. f5 f6 21. Nc4 Bxc4
22. dxc4 g5 23. h4 h6 24. Qd1 Qb7 25. Qe2 Rh8 26. Rf3 g4 27. Rg3 h5 28. Rf1 Kf7
29. Re1 1/2-1/2

[Event "37. Copenhagen Open (Politiken Cup)"]
[Site "Elsinore"]
[Date "2015.07.30"]
[Round "7"]
[White "Hansen, John Laurids"]
[Black "Olsen, Kaj"]
[Result "1-0"]
[WhiteElo "1986"]
[BlackElo "1701"]
[PlyCount "81"]
[EventDate "2015.07.25"]
[EventType "swiss"]
[EventRounds "10"]
[EventCountry "DEN"]
[Source "ChessBase"]
[SourceDate "2015.09.14"]

1. e4 e5 2. Nf3 Nf6 3. Nc3 Nc6 4. Bb5 d6 5. d4 Bd7 6. O-O a6 7. Bxc6 Bxc6 8.
dxe5 dxe5 9. Nxe5 Qxd1 10. Rxd1 Bc5 11. Nxc6 bxc6 12. Bf4 Rc8 13. e5 Nh5 14.
Bd2 O-O 15. g4 Rfe8 16. gxh5 Rxe5 17. h6 Rf5 18. Ne4 Rb8 19. Nxc5 Rxc5 20. hxg7
Rxb2 21. Be3 Rd5 22. c4 Rxd1+ 23. Rxd1 Rb8 24. Bh6 c5 25. Kg2 Re8 26. Kf3 a5
27. Kf4 a4 28. Kf5 c6 29. Rd6 a3 30. Rxc6 f6 31. Rxc5 Rd8 32. Ra5 Re8 33. Rd5
Kf7 34. c5 Rc8 35. c6 Kg8 36. c7 Kf7 37. Rd8 Rxd8 38. cxd8=R Ke7 39. Rc8 Kd6
40. g8=Q Kd7 41. Qe6# 1-0

[Event "37. Copenhagen Open (Politiken Cup)"]
[Site "Elsinore"]
[Date "2015.07.30"]
[Round "7"]
[White "Hansen, Tommy"]
[Black "Kristensen, Lars Ostergaard"]
[Result "1-0"]
[WhiteElo "1837"]
[BlackElo "1675"]
[PlyCount "123"]
[EventDate "2015.07.25"]
[EventType "swiss"]
[EventRounds "10"]
[EventCountry "DEN"]
[Source "ChessBase"]
[SourceDate "2015.09.14"]

1. e4 c6 2. d4 d5 3. exd5 cxd5 4. c4 Nf6 5. Nc3 g6 6. cxd5 Nxd5 7. Nf3 Nc6 8.
Bc4 Nb6 9. Bb5 a6 10. Bxc6+ bxc6 11. O-O Bg7 12. Ne5 Bd7 13. Qf3 O-O 14. Be3 e6
15. Rac1 Nd5 16. Ne4 f6 17. Nxd7 Qxd7 18. Nc5 Qe8 19. Bd2 e5 20. Rfe1 Qf7 21.
dxe5 fxe5 22. Qxf7+ Rxf7 23. Ne6 Rb8 24. b3 Nf4 25. Bxf4 exf4 26. Nxg7 Kxg7 27.
Rxc6 a5 28. Ra6 Rb5 29. f3 Rc7 30. Kf2 Rc2+ 31. Re2 Rc1 32. g3 fxg3+ 33. hxg3
Rbc5 34. Rb6 R1c2 35. a4 R2c3 36. g4 Rd5 37. Rb7+ Kf6 38. f4 g5 39. Rb6+ Kf7
40. Rb7+ Kf8 41. Re3 Rc2+ 42. Kf3 gxf4 43. Kxf4 Rcd2 44. Rc3 R2d4+ 45. Kg3 Rd3+
46. Rxd3 Rxd3+ 47. Kh4 Kg8 48. Rb5 Kf7 49. Kg5 Kg8 50. Rxa5 Rxb3 51. Ra8+ Kg7
52. Ra7+ Kg8 53. a5 Rb4 54. a6 Rb5+ 55. Kf6 Rb6+ 56. Ke7 Rb1 57. Rb7 Re1+ 58.
Kf6 Rf1+ 59. Kg5 Rf8 60. a7 h6+ 61. Kg6 h5 62. Rb8 1-0

[Event "37. Copenhagen Open (Politiken Cup)"]
[Site "Elsinore"]
[Date "2015.07.30"]
[Round "7"]
[White "Hansen, Verner"]
[Black "Morkedal, Oyvind"]
[Result "1-0"]
[WhiteElo "1883"]
[BlackElo "1689"]
[PlyCount "43"]
[EventDate "2015.07.25"]
[EventType "swiss"]
[EventRounds "10"]
[EventCountry "DEN"]
[Source "ChessBase"]
[SourceDate "2015.09.14"]

1. e4 c5 2. Nc3 Nc6 3. g3 g6 4. Bg2 Bg7 5. d3 d6 6. f4 e6 7. Nf3 Nge7 8. O-O
O-O 9. Be3 Nd4 10. Rb1 b6 11. Ne2 Nxf3+ 12. Bxf3 Bb7 13. c3 Nc6 14. Qd2 Qd7 15.
d4 cxd4 16. cxd4 Ne7 17. Nc3 Rac8 18. Be2 Rxc3 19. Qxc3 Bxe4 20. Rbc1 Nf5 21.
Bf2 Rc8 22. Qxc8+ 1-0